Iniciatívy OECD proti vyhýbaniu sa dani z príjmov (OECD BEPS) diplomová práca

Gespeichert in:
Bibliographische Detailangaben
1. Verfasser: Pivovarník, Matúš
Körperschaft: Národohospodárska fakulta EU. Katedra financií
Weitere Verfasser: Kubicová, Jana, 1961-
Format: Buch
Sprache:Slowakisch
Veröffentlicht: Bratislava 2018
Tags: Tag hinzufügen
Keine Tags, Fügen Sie das erste Tag hinzu!

MARC

LEADER 00000nbm a2200000 4500
001 0244273
005 20181126134314.9
041 0 |a slo 
044 |a SK 
245 1 0 |a Iniciatívy OECD proti vyhýbaniu sa dani z príjmov (OECD BEPS)  |b diplomová práca  |c Matúš Pivovarník ; školiteľ: Jana Kubicová 
264 1 |a Bratislava  |c 2018 
300 |a 80 s. 
100 1 |a Pivovarník, Matúš 
700 1 |a Kubicová, Jana, 1961- 
710 2 |a Národohospodárska fakulta EU. Katedra financií